Combien de buts a marqué ... en Euro depuis 1960 : Spéciale France - Statistiques

Statistiques générales
  • Ce quiz a été pris 41 fois
  • Le résultat moyen est 27 sur 28
Statistiques - réponses
Joueur Buts % Correct
Yohan Cabaye 1
100%
Laurent Blanc 2
100%
Karim Benzema 4
100%
CSC 5
100%
Zinédine Zidane 5
100%
Bruno Bellone 1
97%
Randal Kolo Muani 1
97%
Kylian Mbappé 1
97%
Paul Pogba 2
97%
Youri Djorkaeff 3
97%
Olivier Giroud 3
97%
Thierry Henry 6
97%
Antoine Griezmann 7
97%
Luis Fernandez 1
94%
Alain Giresse 1
94%
Patrice Loko 1
94%
Jéremy Menez 1
94%
Samir Nasri 1
94%
Jean Vincent 1
94%
Maryan Wisniewski 1
94%
Jean François Domergue 2
94%
Christophe Dugarry 2
94%
François Heutte 2
94%
Jean Pierre Papin 2
94%
Sylvain Wiltord 2
94%
Dimitri Payet 3
94%
David Trezeguet 3
94%
Michel Platini 9
91%
Aucun quiz correspondant
Distribution des résultats
% des personnes avec chaque résultat
Percentile par nombre de réponses
Votre historique - résultats
Vous n’avez pas pris ce quiz